Správanie sa spotrebiteľa: značkový tovar a vlastná značka diplomová práca

Enregistré dans:
Détails bibliographiques
Auteur principal: Halagová, Martina
Collectivité auteur: Podnikovohospodárska fakulta EU so sídlom v Košiciach. Katedra hospodárskej informatiky a matematiky
Autres auteurs: Lyócsa, Štefan, 1982-
Format: Livre
Langue:slovaque
Publié: Košice 2011
Tags: Ajouter un tag
Pas de tags, Soyez le premier à ajouter un tag!

MARC

LEADER 00000nbm a2200000 4500
001 0130486
005 20161109101538.0
041 0 |a slo 
044 |a SK 
245 1 0 |a Správanie sa spotrebiteľa: značkový tovar a vlastná značka  |b diplomová práca  |c Martina Halagová ; školiteľ: Štefan Lyócsa 
264 1 |a Košice  |c 2011 
300 |a 79 s. 
100 1 |a Halagová, Martina 
700 1 |a Lyócsa, Štefan, 1982- 
710 2 |a Podnikovohospodárska fakulta EU so sídlom v Košiciach. Katedra hospodárskej informatiky a matematiky